000 00423nam a2200133Ia 4500
008 220216s9999 xx 000 0 und d
100 _aCheng K T
245 0 _aNew and improved process for deproteinised natural rubber production
260 _bProceedings of the RRIM Rubber Growers Conference, Johore, 1987; p456-473
650 _aDeproteinised natural rubber
700 _aFong C S
700 _aLian L C
942 _cJS
999 _c63737
_d63737